000 00802nam a2200265 4500
001 6105
010 _a9789893314722
021 _b491716/21
090 _a6105
100 _a20260121d2021 c||y0pory50030103ba
200 1 _aJoão Colagem
_fPatrícia Aguiar
_gil. Laura Morais
205 _a2ª ed
210 9 _a[S.l.
_cs.n.],
_d2021
215 _a[34] p.
_cil.
_d23 cm
606 _914
_aLiteratura infantil
606 _915
_aLiteratura Portuguesa
675 _a82-93
_vBN
_zpor
675 _a821.134.3-93"20"
_vBN
_zpor
675 _a821.134.3
_vBN
_zpor
700 _aAguiar
_bPatrícia
_95806
701 _aMorais
_bLaura
_95807
801 0 _aPT
_bBMVN
_gRPC
830 _cAna Caetano
_d2026/01/21
856 4 1 _uhttp://rnod.bnportugal.gov.pt/ImagesBN/winlibimg.aspx?skey=&doc=2094719&img=162041&save=true
990 _cLIVROS